000 01497cam a2200409 a 4500
999 _c127956
_d127956
001 14536560
003 ARRUPE
005 20180419120957.0
008 060906s2006 enka f b 001 0 eng
010 _a 2006491022
015 _aGBA450879
_2bnb
016 7 _a012950626
_2Uk
020 _a1861343744 (hbk.)
020 _a1861343736 (pbk.)
020 _a9781861343741
_c(hbk.)
024 3 _a9781861343736
035 _a(OCoLC)ocm56652499
040 _aUKM
_cUKM
_dBAKER
_dBWKUK
_dOCLCQ
_dDLC
042 _alccopycat
043 _ae-uk---
050 0 0 _aHC260.P6
_bP686 2006
082 0 4 _a362.50941
_222
245 0 0 _aPoverty and social exclusion in Britain :
_bthe millennium survey /
_c[edited by] Christina Pantazis, David Gordon and Ruth Levitas.
260 _aBristol :
_bPolicy,
_c2006.
300 _axxi, 488 p. :
_bill. ;
_c24 cm.
440 0 _aStudies in poverty, inequality, and social exclusion
_941566
504 _aIncludes bibliographical references and index.
650 0 _aPoor
_zGreat Britain.
_941567
650 0 _aMarginality, Social
_zGreat Britain.
_941568
651 0 _aGreat Britain
_xEconomic conditions.
_917847
651 0 _aGreat Britain
_xSocial conditions.
_927639
700 1 _aPantazis, Christina.
_eed.
_941569
700 1 _aGordon, David,
_d1959-
_eed.
_941570
700 1 _aLevitas, Ruth,
_d1949-
_eed.
_941571
906 _a7
_bcbc
_ccopycat
_d2
_encip
_f20
_gy-gencatlg
942 _2lcc
_cMONOGRAPH